Principles of manufacturing materials and processes (Record no. 77339)

MARC details
000 -LEADER
fixed length control field 01046nam a2200193 a 4500
008 - FIXED-LENGTH DATA ELEMENTS--GENERAL INFORMATION
fixed length control field 120416s1961 ||||||||||||||||| || u
020 ## - INTERNATIONAL STANDARD BOOK NUMBER
International Standard Book Number 0070992525
050 ## - LIBRARY OF CONGRESS CALL NUMBER
Classification number TS 205 Cam
100 ## - MAIN ENTRY--PERSONAL NAME
Personal name Campbell, James S
245 10 - TITLE STATEMENT
Title Principles of manufacturing materials and processes
260 ## - PUBLICATION, DISTRIBUTION, ETC.
Place of publication, distribution, etc. New Delhi
Name of publisher, distributor, etc. McGraw-Hill
Date of publication, distribution, etc. 1961
300 ## - PHYSICAL DESCRIPTION
Extent ix, 674p.
350 ## -
-- 0.00
650 ## - SUBJECT ADDED ENTRY--TOPICAL TERM
Topical term or geographic name entry element MANUFACTURES
995 ## -
-- MAIN LIBRARY OPEN ACCESS
-- 0.00
-- 732235
-- CBU-MAIN LIBRARY (Kitwe)
-- 4
-- 0.00
-- TS 205 Cam
-- 4
-- AVAILABLE
-- 732235
-- Main Library Open Access Collection
995 ## -
-- MAIN LIBRARY OPEN ACCESS
-- 0.00
-- 732237
-- CBU-MAIN LIBRARY (Kitwe)
-- 3
-- 0.00
-- TS 205 Cam
-- 3
-- AVAILABLE
-- Jun 19, 2006
-- 44903
-- Main Library Open Access Collection
995 ## -
-- MAIN LIBRARY OPEN ACCESS
-- 0.00
-- 732236
-- CBU-MAIN LIBRARY (Kitwe)
-- 1
-- 0.00
-- TS 205 Cam
-- 1
-- AVAILABLE
-- 44375
-- Main Library Open Access Collection
995 ## -
-- BINDERY (DAMAGED)
-- 0.00
-- 724322
-- CBU-MAIN LIBRARY (Kitwe)
-- 2
-- 0.00
-- TS 205 Cam
-- 2
-- DAMAGED
-- May 29, 2006
-- 008114
-- Main Library Open Access Collection
999 ## -
-- 77339
-- 77339
Holdings
Withdrawn status Lost status Source of classification or shelving scheme Damaged status Not for loan Permanent Location Current Location Shelving location Date acquired Total Checkouts Full call number Barcode Date last seen Copy number Price effective from Koha item type
          CBU-MAIN LIBRARY, KITWE. CBU-MAIN LIBRARY, KITWE.   04/25/2023   TS 205 Cam 732235 04/25/2023 1 04/25/2023 MONOGRAPH
          CBU-MAIN LIBRARY, KITWE. CBU-MAIN LIBRARY, KITWE.   04/25/2023   TS 205 Cam 44903 04/25/2023 2 04/25/2023 MONOGRAPH
          CBU-MAIN LIBRARY, KITWE. CBU-MAIN LIBRARY, KITWE.   04/25/2023   TS 205 Cam 44375 04/25/2023 3 04/25/2023 MONOGRAPH
          CBU-MAIN LIBRARY, KITWE. CBU-MAIN LIBRARY, KITWE.   04/25/2023   TS 205 Cam   04/25/2023 4 04/25/2023 MONOGRAPH